Lady Gaga Songs A-Z - Statistics

General Stats
  • This quiz has been taken 295 times
    177 since last reset
  • The average score is 15 of 24
Answer Stats
Letter Song % Correct
A Abracadabra | Alejandro | Alice | Always Remember Us This Way | Americano | Angel Down | Anything Goes | Applause | ARTPOP | Aura | A-YO
100%
B Babylon | Bad Kids | Bad Romance | Beautiful, Dirty, Rich | Before I Cry | Black Jesus ✝ Amen Fashion | Blade Of Grass | Bloody Mary | Born This Way | Boys Boys Boys | Brown Eyes | But Beautiful
99%
J Jewels N' Drugs | Joanne | John Wayne | Judas | Just Another Day | Just Dance | Just One Of Those Things
93%
D Dance In The Dark | Dancin' In Circles | Diamond Heart | Die With A Smile | Diggin' My Grave | Disco Heaven | Disease | Do I Love You | Donatella | Don't Call Tonight | Dope | Do What U Want | Dream Dancing
91%
P Paparazzi | Paper Gangsta | Perfect Celebrity | Perfect Illusion | Plastic Doll | Poker Face
87%
S Scheiße | Sexxx Dreams | Shadow Of A Man | Shallow | Sine From Above | Sinner's Prayer | Smile | So Happy I Could Die | Sour Candy | Speechless | Starstruck | Stupid Love | Summerboy | Sweet Sounds Of Heaven | Swine
84%
M MANiCURE | Marry The Night | Mary Jane Holland | Million Reasons | Money Honey | Monster | Music To My Eyes
80%
G Garden Of Eden | Get Happy | Gonna Build A Mountain | Good Morning | Goody Goody | Government Hooker | Grigio Girls | G.U.Y. | Gypsy
74%
H Hair | Hair Body Face | Happy Mistake | Heal Me | Heavy Metal Love | Hey Girl | Highway Unicorn | Hold My Hand | How Bad Do U Want Me
74%
L La Vie En Rose | Let's Do It | Let's Face The Music And Dance | Look What I Found | LoveDrug | Love For Sale | LoveGame | Lush Life
71%
T Teeth | That's Entertainment | That's Life | The Beast | The Cure | The Edge Of Glory | The Joker | The Lady is a Tramp | The Queen | They All Laughed | Til It Happens To You | To Love Somebody
69%
E Eh, Eh (Nothing Else I Can Say) | Electric Chapel | Enigma | Ev'ry Time We Say Goodbye
63%
V Vanish Into You | Venus
63%
Y Yoü And I | You're The Top | Your Song
62%
# 1000 Doves | 3-Way (The Golden Rule) | 911
60%
R Rain On Me | Replay
59%
K Killah
58%
F Fashion! | Fashion Of His Love | Firefly | Folie à Deux | Free Woman | Fun Tonight
55%
C Cheek To Cheek | Chillin | Christmas Tree | Chromatica I | Chromatica II | Chromatica III | Close To You | Come To Mama
54%
Z Zombieboy
53%
I I Can't Give You Anything But Love | I Concentrate On You | I Don't Know What Love Is | If My Friends Could See Me Now | I Get A Kick Out Of You | I Like It Rough | I'll Never Love Again | Is That Alright? | It Don't Mean A Thing | It's De-Lovely | I've Got You Under My Skin | I Won't Dance
47%
O Oh, When The Saints | Orange Colored Sky
15%
W White Christmas | Why Did You Do That? | Winter Wonderland | World On A String
12%
N Nature Boy | Night And Day
11%
No matching quizzes found
Score Distribution
Percent of People with Each Score
Percentile by Number Answered
Your Score History
You have not taken this quiz since the last reset